Las cosas del decir.

Պահպանված է:
Մատենագիտական մանրամասներ
Հիմնական հեղինակ: Calsamiglia Blancafort, Helena (autora)
Այլ հեղինակներ: Tusón Valls, Amparo (autora), Dijk, Teun A. van (prefacio)
Ձևաչափ: Գիրք
Լեզու:իսպաներեն
Հրապարակվել է: Barcelona, España: Planeta S. A; Ariel, 2012.
Հրատարակություն:3ª edición actualizada.
Շարք:Ariel Letras.
Խորագրեր:
Ցուցիչներ: Ավելացրեք ցուցիչ
Չկան պիտակներ, Եղեք առաջինը, ով նշում է այս գրառումը!

MARC

LEADER 00000cam a2200000 a 4500
001 UCD5028
003 CL-VaPUC
005 20241111103921.0
008 160807e20120000sp |||||||||||||||||spa|d
999 |c 365795  |d 365793 
020 |a 9788434405691 
040 |c Pontificia Universidad Católica de Valparaíso 
082 0 4 |a 401.41 CAL 2012  |2 21 
100 |a Calsamiglia Blancafort, Helena  |e autora  |9 588755 
245 1 4 |a Las cosas del decir.  
246 1 4 |a Las cosas del decir: manual de análisis del discurso 
250 |a 3ª edición actualizada.  |b Primera edición en esta presentación.  
260 |a Barcelona, España:  |b Planeta S. A;  |b Ariel,   |c 2012. 
300 |a 391 páginas.  
490 0 |a Ariel Letras.  
583 |a last modification  |c 20171113 01:06:30  |k Rodrigo Vera 
650 0 |a Análisis del discurso  |9 256696 
650 0 |a Discursos   |9 265028  |x Análisis lingüístico 
700 |a Tusón Valls, Amparo  |e autora  |9 588756 
700 |a Dijk, Teun A. van   |e prefacio  |9 867335 
942 |c BK  |2 ddc 
945 |d 20160807 22:49:00  |a dcastane 
952 |0 0  |1 0  |3 erb  |4 0  |6 401_410000000000000_CAL_2012  |7 0  |8 A  |9 479752  |a BIBCUR  |b BIBCUR  |i 5335329  |o 401.41 CAL 2012  |p 5335329  |r 2025-04-22  |w 2019-11-24  |y BK  |z Catalogado en:20160807  |k PER 
952 |0 0  |1 0  |3 erb  |4 0  |6 401_410000000000000_CAL_2012  |7 0  |8 A  |9 479753  |a BIBCUR  |b BIBCUR  |i 5435870  |o 401.41 CAL 2012  |p 5435870  |r 2025-04-22  |w 2019-11-24  |y BK  |z Catalogado en:20171117  |k PER 
952 |0 0  |1 0  |2 ddc  |4 0  |6 401_410000000000000_CAL_2012  |7 0  |8 A  |9 597876  |a BIBEDU  |b BIBEDU  |d 2024-11-11  |e 13  |g 34427.00  |i 5663155  |o 401.41 CAL 2012  |p 5663155  |r 2024-11-11  |t 4  |v 34427.00  |w 2024-11-11  |y BK  |k LIT 
952 |0 0  |1 0  |2 ddc  |4 0  |6 401_410000000000000_CAL_2012  |7 0  |8 A  |9 597877  |a BIBEDU  |b BIBEDU  |d 2024-11-11  |e 13  |g 34427.00  |i 5663154  |l 3  |m 2  |o 401.41 CAL 2012  |p 5663154  |r 2025-03-17  |s 2025-03-11  |t 3  |v 34427.00  |w 2024-11-11  |y BK  |k LIT 
952 |0 0  |1 0  |2 ddc  |4 0  |6 401_410000000000000_CAL_2012  |7 0  |8 A  |9 597878  |a BIBEDU  |b BIBEDU  |d 2024-11-11  |e 13  |g 34427.00  |i 5663156  |o 401.41 CAL 2012  |p 5663156  |r 2024-11-11  |t 5  |v 34427.00  |w 2024-11-11  |y BK  |k LIT 
952 |0 0  |1 0  |2 ddc  |4 0  |6 401_410000000000000_CAL_2012  |7 0  |8 A  |9 597879  |a BIBEDU  |b BIBEDU  |d 2024-11-11  |e 13  |g 34427.00  |i 5663157  |o 401.41 CAL 2012  |p 5663157  |r 2024-11-11  |t 6  |v 34427.00  |w 2024-11-11  |y BK  |k LIT 
952 |0 0  |1 0  |2 ddc  |4 0  |6 401_410000000000000_CAL_2012  |7 0  |8 A  |9 597880  |a BIBEDU  |b BIBEDU  |d 2024-11-11  |e 13  |g 34427.00  |i 5663158  |o 401.41 CAL 2012  |p 5663158  |r 2024-11-11  |t 7  |v 34427.00  |w 2024-11-11  |y BK  |k LIT